[Event "Florianopolis Winter Amateur op"]
[Site "Florianopolis"]
[Date "2017.08.12"]
[Round "4"]
[White "Stranginske, Nayele Manfioletti"]
[Black "Menegotto, Giovanni Arnaldo Ga"]
[Result "0-1"]
[WhiteElo "1805"]
[BlackElo "2079"]
[PlyCount "128"]
[EventDate "2017.08.11"]
[EventType "swiss"]
[EventRounds "7"]
[EventCountry "BRA"]
[SourceTitle "CBM 180 Extra"]
[Source "ChessBase"]
[SourceDate "2017.10.06"]
[SourceVersion "1"]
[SourceVersionDate "2017.10.06"]
[SourceQuality "1"]

1. d4 Nf6 2. Bf4 g6 3. Nf3 Bg7 4. e3 d6 5. h3 0-0 6. Be2 c5 7. 0-0 cxd4 8. exd4 Nc6 9. c3 a6 10. Nbd2 Re8 11. Re1 e5 12. dxe5 dxe5 13. Bg5 e4 14. Nh2 h6 15. Bxf6 Qxf6 16. Bc4 Qf4 17. Re3 Bf8 18. Qe1 Bf5 19. b4 Rad8 20. g3 Qc7 21. Nxe4 Bxe4 22. Rxe4 Ne5 23. Rc1 Re7 24. Be2 Qc6 25. Re3 Rde8 26. Qd1 h5 27. Qd4 Bg7 28. Qf4 Kh7 29. g4 Bh6 30. g5 Bg7 31. Re1 Qe6 32. Bc4 Qc6 33. Bf1 b5 34. Bg2 Qb6 35. Be4 Qe6 36. Nf3 Kg8 37. Nd4 Qxa2 38. Bc2 Qd5 39. Bb3 Qd7 40. Ra1 Nc4 41. Bxc4 bxc4 42. Rxa6 Rxe3 43. fxe3 Qxh3 44. Kf2 Be5 45. Qf3 Qh2+ 46. Kf1 Qd2 47. Qd5 Qd3+ 48. Kg2 Bg7 49. Ra7 Rf8 50. Rc7 Qxc3 51. Qxc4 Qxe3 52. Nf3 Qb6 53. b5 Qa5 54. Rc6 Ra8 55. b6 Qa2+ 56. Qxa2 Rxa2+ 57. Kg3 Rb2 58. Kf4 Kf8 59. Ne1 h4 60. Nd3 Rb5 61. Nc5 Bd4 62. b7 Bxc5 63. Rc8+ Ke7 64. b8Q Rxb8 0-1

[Event "Florianopolis zt 2.4"]
[Site "Florianopolis"]
[Date "2017.04.30"]
[Round "8"]
[White "Correa, Jose Augusto"]
[Black "Menegotto, Giovanni Arnaldo Ga"]
[Result "1-0"]
[WhiteElo "1966"]
[BlackElo "2085"]
[PlyCount "65"]
[EventDate "2017.04.26"]
[EventType "swiss"]
[EventRounds "9"]
[EventCountry "BRA"]
[SourceTitle "CBM 178 Extra"]
[Source "ChessBase"]
[SourceDate "2017.06.22"]
[SourceVersion "1"]
[SourceVersionDate "2017.06.22"]
[SourceQuality "1"]

1. c4 Nf6 2. Nc3 g6 3. d4 Bg7 4. e4 d6 5. f3 0-0 6. Be3 c6 7. Qd2 a6 8. a4 a5 9. Bd3 Na6 10. Nge2 e5 11. d5 Nd7 12. Rd1 Ndc5 13. Bc2 Qb6 14. dxc6 bxc6 15. Qxd6 Be6 16. Nd5 Bxd5 17. Bxc5 Nxc5 18. cxd5 Qb4+ 19. Kf1 f5 20. exf5 gxf5 21. dxc6 Qb6 22. c7 Qa7 23. Nc3 Na6 24. Nb5 Qe3 25. Bxf5 Nxc7 26. Nxc7 Rad8 27. Be6+ Kh8 28. Qxd8 Rxd8 29. Rxd8+ Bf8 30. Rxf8+ Kg7 31. Rf7+ Kg6 32. Rf6+ Kh5 33. Bf7+ 1-0

[Event "Florianopolis zt 2.4"]
[Site "Florianopolis"]
[Date "2017.04.28"]
[Round "4"]
[White "Menegotto, Giovanni Arnaldo Ga"]
[Black "Campelo, Leandro Fabricio"]
[Result "1-0"]
[WhiteElo "2085"]
[BlackElo "2207"]
[PlyCount "85"]
[EventDate "2017.04.26"]
[EventType "swiss"]
[EventRounds "9"]
[EventCountry "BRA"]
[SourceTitle "CBM 178 Extra"]
[Source "ChessBase"]
[SourceDate "2017.06.22"]
[SourceVersion "1"]
[SourceVersionDate "2017.06.22"]
[SourceQuality "1"]

1. e4 e6 2. Qe2 c5 3. g3 Nc6 4. Bg2 d6 5. c3 g6 6. f4 Bg7 7. Nf3 Nge7 8. 0-0 0-0 9. Na3 h6 10. d3 Rb8 11. Be3 b6 12. Rfd1 Ba6 13. Qf2 d5 14. Nc2 dxe4 15. dxe4 Qc7 16. f5 Rbd8 17. f6 Bxf6 18. Bxh6 Rxd1+ 19. Rxd1 Rd8 20. Re1 Ne5 21. Nxe5 Bxe5 22. Ne3 Bg7 23. Ng4 f5 24. exf5 exf5 25. Bxg7 Kxg7 26. Ne5 Nd5 27. Nf3 Rd6 28. Ng5 Qd7 29. h4 Nf6 30. Qf3 Ng4 31. h5 Rd3 32. Ne6+ Kg8 33. Qa8+ Bc8 34. Bf3 Rxf3 35. Qxf3 Bb7 36. Qf4 Qc6 37. Qb8+ Bc8 38. hxg6 Qd7 39. Qf4 Qd3 40. Ng5 Bd7 41. Qc7 Nf6 42. Qd8+ Kg7 43. Ne6+ 1-0

[Event "Florianopolis zt 2.4"]
[Site "Florianopolis"]
[Date "2017.04.28"]
[Round "3"]
[White "Menegotto, Giovanni Arnaldo Ga"]
[Black "Rodrigues, Natanael Isau Braz"]
[Result "1-0"]
[WhiteElo "2085"]
[BlackElo "1774"]
[PlyCount "65"]
[EventDate "2017.04.26"]
[EventType "swiss"]
[EventRounds "9"]
[EventCountry "BRA"]
[SourceTitle "CBM 178 Extra"]
[Source "ChessBase"]
[SourceDate "2017.06.22"]
[SourceVersion "1"]
[SourceVersionDate "2017.06.22"]
[SourceQuality "1"]

1. e4 c6 2. Nc3 d5 3. Nf3 d4 4. Ne2 c5 5. Ng3 Qc7 6. Bc4 Nc6 7. a4 f6 8. d3 g6 9. h3 Bg7 10. 0-0 Nh6 11. Bd2 Nf7 12. Qe1 e5 13. Nh2 Nd6 14. Ba2 Qe7 15. f4 Be6 16. fxe5 Nxe5 17. Bxe6 Qxe6 18. Ne2 Qd7 19. Nf4 0-0 20. Nd5 Rac8 21. b3 f5 22. Qh4 Rce8 23. Nf3 Nxf3+ 24. gxf3 fxe4 25. fxe4 Be5 26. Rxf8+ Kxf8 27. Rf1+ Kg8 28. Bg5 Nf5 29. Qg4 h5 30. Qf3 Ne3 31. Ne7+ Kh7 32. Qf7+ Bg7 33. Qxg6+ 1-0

[Event "Florianopolis zt 2.4"]
[Site "Florianopolis"]
[Date "2017.04.26"]
[Round "1"]
[White "Menegotto, Giovanni Arnaldo Ga"]
[Black "Cori, Jorge Moise"]
[Result "0-1"]
[WhiteElo "2085"]
[BlackElo "2611"]
[PlyCount "74"]
[EventDate "2017.04.26"]
[EventType "swiss"]
[EventRounds "9"]
[EventCountry "BRA"]
[SourceTitle "CBM 178 Extra"]
[Source "ChessBase"]
[SourceDate "2017.06.22"]
[SourceVersion "1"]
[SourceVersionDate "2017.06.22"]
[SourceQuality "1"]

1. e4 c5 2. Nf3 Nc6 3. d4 cxd4 4. Nxd4 e5 5. Nb5 d6 6. c4 Nf6 7. N1c3 a6 8. Na3 Be6 9. Bd3 Be7 10. 0-0 0-0 11. Nc2 Rc8 12. f3 Na5 13. Nd5 Nxc4 14. Nxe7+ Qxe7 15. b3 Na5 16. Bg5 h6 17. Bh4 g5 18. Bf2 Nc6 19. Re1 d5 20. Ne3 d4 21. Nf5 Bxf5 22. exf5 Nd5 23. Qd2 Qb4 24. Qd1 Qd6 25. a3 Nce7 26. h4 f6 27. hxg5 hxg5 28. g3 Qd7 29. f4 exf4 30. Bc4 Nxf5 31. Qf3 Rcd8 32. gxf4 b5 33. Bf1 Nxf4 34. a4 d3 35. axb5 Nd4 36. Qe4 Qg4+ 37. Kh1 Nf3 0-1